000 00701nam a2200181 i 4500
001 167171
003 ES-MaACL
005 20230906213454.0
008 931025s1883 sp |||| | spa d
100 1 _aViso, Julián.
_9133796
245 1 0 _aAlegato de Venezuela en su controversia sobre limites con Colombia /
_c[Julián Viso].
260 _aMadrid :
_b[s.n.],
_c1883 (
_fSucesores de Rivadeneyra)
300 _a282 p. ;
_c27 cm.
594 _aAutor: p. 273.
651 4 _aColombia-
_xFronteras-
_zVenezuela.
_98072
651 0 4 _aVenezuela-
_xFronteras-
_zColombia.
_99518
852 _aES-MaACL
_jG-6665(3)
_z-- Enc. hol.
_z-- Dedic. ms. de L.M. Cardozo al Ateneo de Madrid
_z-- Enc. en un vol. facticio
999 _c167171
_d167171